01660cam a2200409 i 450000100090000000300040000900500170001300800410003001000170007102000290008802000260011702000250014302000240016802000310019203500130022304000280023604200080026405000230027208200170029510000310031224000250034324501790036826400420054730000230058933600260061233700280063833800270066650400570069358300410075065000360079170000510082777601560087890600450103494200120107999900170109195201420110818033126OSt20260615163022.0140206s2014 ilu b 000 0deng  a 2013034666 a9781433541025qhardcover a1433541025qhardcover z9781433541056 (ePub) z9781433541032 (PDF) z9781433541049 (Mobipocket) a18033126 aDLCbengcDLCerdadDLC apcc10aBV4253b.L555 201400a252/.0582231 aLloyd-Jones, David Martyn.10aSermons.kSelections14aThe Christ-centered preaching of Martyn Lloyd-Jones :bclassic sermons for the church today /cMartyn Lloyd Jones ; edited by Elizabeth Catherwood and Christopher Catherwood. 1aWheaton, Illinois :bCrossway,c2014. a277 pages ;c23 cm atextbtxt2rdacontent aunmediatedbn2rdamedia avolumebnc2rdacarrier aIncludes bibliographical references (pages 275-276). aCataloguing:c20260615kgtanuigtanui 0aSermons, Englishy20th century.1 aCatherwood, Elizabeth,eeditor of compilation.08iOnline version:aLloyd-Jones, David Martyn.tChrist-centered preaching of Martyn Lloyd-JonesdWheaton : Crossway, 2014z9781433541032w(DLC) 2014008638 a7bcbccorignewd1eecipf20gy-gencatlg 2lcccBK c21675d21674 00102lcc70aKABUbKABUcGENd2026-06-15eDonationi2026/4457l0oBV4253 .L555 2014 C.1p38080r2026-06-15 16:31:38tC.1w2026-06-15yBK